00559cam a2200169 a 450000500170000002000150001702000180003208200130005010000230006324500200008625000100010626000370011630000250015350001500017865000200032865000410034820251122145021.0 a0070502218 a978007050221500a541bPIT1 aPitzer, Kenneth S.10aThermodynamics/ a3 ed. aNew York :bMcGraw-Hill,cc1995. axvi, 626 p.:bill. ; a"With acknowledgment to Gilbert Newton Lewis and Merle Randall, authors of the first edition, and to Leo Brewer, coauthor of the second edition."00aThermodynamics.00aChemistry, Physical and Theoretical.